000
00275nam a2200097Ia 4500
082
_a
650|BUSI
245
0
_a
Business functions : an introduction
100
_a
van Zyl J Claremont, South Africa, 2012
_9
65227
942
_c
BK
008
210817s9999 xx 000 0 und d
999
_c
208239
_d
208238